000 00260nam a22001217a 4500
008 180221b xxu||||| |||| 00| 0 eng d
041 _aeng
080 _a94
100 _a16
101 _aHIS
245 _aPOPULATION IN HISTORY
_cGLASS.D.V
942 _2udc
_cBK
999 _c43006
_d43006